Statistics for New Words Added to the Dictionary in 2018

Click here to take the quiz!

General Stats

  • This quiz has been taken 11 times
  • The average score is 7 of 12

Answer Stats

HintAnswer% Correct
"Irritable or angry because of hunger."HANGRY
100%
Short for bourgeois, this term means "Marked by a concern for wealth, possessions, and respectability."BOUGIE
75%
"Of, relating to, or marked by Latin American heritage—used as a gender-neutral alternative to Latino or Latina."LATINX
75%
According to Merriam-Webster, this "often disparaging" slang means "A random person: a person who is not known or recognizable or whose appearance (as in a conversation or narrative) seems unprompted or unwelcome."RANDO
75%
"Too long; didn't read—used to say that something would require too much time to read."TLDR
75%
"An operating mode for an electronic device (such as a mobile phone) in which the device does not connect to wireless networks and cannot send or receive communications (such as calls or text messages) or access the Internet but remains usable for other functions."AIRPLANE MODE
63%
"A drink made with various ingredients but without alcohol: a nonalcoholic cocktail."MOCKTAIL
63%
"A collection of many tents set up in an area to provide usually temporary shelter (as for displaced or homeless people)."TENT CITY
63%
"Having multiple episodes or parts that can be watched in rapid succession."BINGEABLE
38%
"Extremely charming or appealing : adorable."ADORBS
25%
"Biological experimentation (as by gene editing or the use of drugs or implants) done to improve the qualities or capabilities of living organisms especially by individuals and groups outside of a traditional medical or scientific research environment."BIOHACKING
13%
"A beer enthusiast."HOPHEAD
0%

Score Distribution

Percentile by Number Answered

Percent of People with Each Score

Your Score History

You have not taken this quiz